Prehistoria : (Record no. 163845)

MARC details
000 -LEADER
campo de control de longitud fija 00911nam a2200229 i 4500
001 - NÚMERO DE CONTROL
campo de control 163845
003 - IDENTIFICADOR DE NÚMERO DE CONTROL
campo de control ES-MaACL
005 - FECHA Y HORA DE LA ÚLTIMA TRANSACCIÓN
campo de control 20260204131330.0
008 - DATOS DE LONGITUD FIJA--INFORMACIÓN GENERAL
campo de control de longitud fija 931025s1906 sp f |||| | spa d
100 1# - ENTRADA PRINCIPAL--NOMBRE DE PERSONA
Nombre de persona Rodríguez y Fernández, Ildefonso.
9 (RLIN) 98869
245 10 - MENCIÓN DEL TÍTULO
Título Prehistoria :
Resto del título ensayo de metodización /
Mención de responsabilidad, etc. por D. Ildefonso Rodríguez y Fernández.
260 ## - PUBLICACIÓN, DISTRIBUCIÓN, ETC.
Lugar de publicación, distribución, etc. Madrid :
Nombre del editor, distribuidor, etc. Librería Internacional de Adrián Romo,
Fecha de publicación, distribución, etc. 1906 (
Fabricante Imp. de Bernardo Rodríguez)
300 ## - DESCRIPCIÓN FÍSICA
Extensión 712 p., XVIII h. de lám. ;
Dimensiones 22 cm.
530 ## - NOTA DISPONIBLE DE FORMULARIO FÍSICO ADICIONAL
Nota de formato físico adicional disponible Disponible en formato digital.
650 #4 - PUNTO DE ACCESO ADICIONAL DE MATERIA--TÉRMINO DE MATERIA
Término de materia o nombre geográfico como elemento de entrada Prehistoria.
9 (RLIN) 16343
651 ## - PUNTO DE ACCESO ADICIONAL DE MATERIA--NOMBRE GEOGRÁFICO
Nombre geográfico Tierra (Planeta)-
Subdivisión general Origen.
9 (RLIN) 17538
752 ## - ENTRADA AGREGADA--NOMBRE JERÁRQUICO DEL LUGAR
País o entidad superior España -
Ciudad Madrid
852 ## - LOCALIZACIÓN
Ubicación ES-MaACL
Número de control de estantería B-11219
Nota libre Encuadernación holandesa
Ubicación en estantería Sala Pardo Bazán
856 4# - LOCALIZACIÓN Y ACCESO ELECTRÓNICOS
Identificador Uniforme de Recursos <a href="https://bibliotecadigital.jcyl.es/es/consulta/registro.do?id=33113">https://bibliotecadigital.jcyl.es/es/consulta/registro.do?id=33113</a>
Texto de enlace Biblioteca Digital de Castilla y León
942 ## - ELEMENTOS DE ENTRADA SECUNDARIOS (KOHA)
Fuente del sistema de clasificación o colocación Clasificación decimal universal
Holdings
Estatus retirado Estado de pérdida Estado de daño No para préstamo Colección Biblioteca de origen Biblioteca actual Ubicación en estantería Fecha de adquisición Fuente de adquisición Total de préstamos Signatura topográfica completa Código de barras Visto por última vez Precio de reemplazo Tipo de ítem Koha
        Colección digital Biblioteca del Ateneo de Madrid Biblioteca del Ateneo de Madrid Sala Pardo Bazán 17/01/2008     B-11219 1171713 23/02/2023 23/02/2023 Libro impreso